| 000 -LEADER |
| fixed length control field |
00790nam a22002057a 4500 |
| 001 - CONTROL NUMBER |
| control field |
12458 |
| 003 - CONTROL NUMBER IDENTIFIER |
| control field |
BD-DhUAP |
| 005 - DATE AND TIME OF LATEST TRANSACTION |
| control field |
20201112154721.0 |
| 008 - FIXED-LENGTH DATA ELEMENTS--GENERAL INFORMATION |
| fixed length control field |
201112s20031996bg ||||| |||| 001 0 ben d |
| 020 ## - INTERNATIONAL STANDARD BOOK NUMBER |
| International Standard Book Number |
9844460344 |
| 040 ## - CATALOGING SOURCE |
| Original cataloging agency |
BD-DhUAP |
| Language of cataloging |
Ben |
| Transcribing agency |
BD-DhUAP |
| Modifying agency |
BD-DhUAP |
| 082 ## - DEWEY DECIMAL CLASSIFICATION NUMBER |
| Edition number |
23 |
| Classification number |
930 SHA |
| 100 ## - MAIN ENTRY--PERSONAL NAME |
| Personal name |
শাহনাওয়াজ, এ. কে. এম. |
| 245 ## - TITLE STATEMENT |
| Title |
বিশ্বসভ্যতা : |
| Remainder of title |
প্রাচীন যুগ / |
| Statement of responsibility, etc. |
এ. কে. এম. শাহনাওয়াজ। |
| 250 ## - EDITION STATEMENT |
| Edition statement |
২য় সং.। |
| 260 ## - PUBLICATION, DISTRIBUTION, ETC. |
| Place of publication, distribution, etc. |
ঢাকা : |
| Name of publisher, distributor, etc. |
প্রতীক, |
| Date of publication, distribution, etc. |
c১৯৯৬ [মুদ্রিত ২০০৩]। |
| 300 ## - PHYSICAL DESCRIPTION |
| Extent |
২৪০ পৃষ্ঠা : |
| Other physical details |
চিত্র ; |
| Dimensions |
২২ সেমি.। |
| 650 ## - SUBJECT ADDED ENTRY--TOPICAL TERM |
| Topical term or geographic name entry element |
Ancient civilization. |
| 942 ## - ADDED ENTRY ELEMENTS (KOHA) |
| Source of classification or shelving scheme |
|
| Koha item type |
Book |